La capacitación en la pequeña y mediana empresa en México / (Registro nro. 361)
[ vista simple ]
| 000 -LEADER | |
|---|---|
| fixed length control field | 01438nam a2200265Ia 4500 |
| 003 - CONTROL NUMBER IDENTIFIER | |
| control field | PE SENCICO BE |
| 005 - DATE AND TIME OF LATEST TRANSACTION | |
| control field | 20251020182435.0 |
| 008 - FIXED-LENGTH DATA ELEMENTS--GENERAL INFORMATION | |
| fixed length control field | 200515s9999 xx 000 0 und d |
| 040 ## - CATALOGING SOURCE | |
| Original cataloging agency | PE SENCICO BE |
| Transcribing agency | PE SENCICO BE |
| 041 ## - LANGUAGE CODE | |
| Language code of text/sound track or separate title | spa |
| 082 ## - DEWEY DECIMAL CLASSIFICATION NUMBER | |
| Classification number | 378.013 |
| Item number | M4 |
| 110 1# - MAIN ENTRY--CORPORATE NAME | |
| Corporate name or jurisdiction name as entry element | México. |
| 9 (RLIN) | 3044 |
| Subordinate unit | Dirección General del Empleo y Formación Profesional. |
| -- | Secretaría del Trabajo y Previsión Social |
| 245 10 - TITLE STATEMENT | |
| Title | La capacitación en la pequeña y mediana empresa en México / |
| Statement of responsibility, etc. | Dirección General del Empleo y Formación Profesional (México) |
| 260 ## - PUBLICATION, DISTRIBUTION, ETC. | |
| Place of publication, distribution, etc. | Lima : |
| Name of publisher, distributor, etc. | CINTERFOR ; |
| -- | SENATI ; |
| Date of publication, distribution, etc. | 1977 |
| 300 ## - PHYSICAL DESCRIPTION | |
| Extent | 33, [10] hojas : |
| Other physical details | tablas ; |
| Dimensions | 28 cm. |
| 500 ## - GENERAL NOTE | |
| General note | En la portada: documento presentado en el seminario sobre capacitación profesional en la pequeña y mediana empresa industrial y comercial |
| 505 0# - FORMATTED CONTENTS NOTE | |
| Formatted contents note | La capacitación en la pequeña y mediana empresa -- Otros aspectos del apoyo a la pequeña y mediana industria -- Necesidad de una política integral hacia la pequeña y mediana empresa |
| 520 3# - SUMMARY, ETC. | |
| Summary, etc. | Documento presentado en el seminario sobre capacitación profesional en la pequeña y mediana empresa industrial y comercial -- Características generales de un sistema nacional de formación profesional |
| 650 10 - SUBJECT ADDED ENTRY--TOPICAL TERM | |
| Topical term or geographic name entry element | Formación profesional |
| 9 (RLIN) | 1311 |
| 650 20 - SUBJECT ADDED ENTRY--TOPICAL TERM | |
| Topical term or geographic name entry element | Empresas |
| 9 (RLIN) | 3045 |
| 650 20 - SUBJECT ADDED ENTRY--TOPICAL TERM | |
| Topical term or geographic name entry element | Capacitación empresarial |
| 9 (RLIN) | 3046 |
| 650 20 - SUBJECT ADDED ENTRY--TOPICAL TERM | |
| Topical term or geographic name entry element | PUB CINTERFOR |
| 9 (RLIN) | 2462 |
| 650 20 - SUBJECT ADDED ENTRY--TOPICAL TERM | |
| Topical term or geographic name entry element | PUB SENATI |
| 9 (RLIN) | 3047 |
| 942 ## - ADDED ENTRY ELEMENTS (KOHA) | |
| Koha item type | Libros |
| Source of classification or shelving scheme | Dewey Decimal Classification |
| Fecha de la última vez que lo usaron | Número de ingreso o de inventario | Pago total | Signatura topográfica completa | Código de barras | Precio efectivo desde | Tipo de documento | Estado perdido | Sistema de clasificación | Estado dañado | No es para préstamo | Retirado | Ubicación permanente | Ubicación actual | Fecha de adquisición |
|---|---|---|---|---|---|---|---|---|---|---|---|---|---|---|
| 15/05/2020 | 2236 | 378.013/M4 | BibLima25040071 | 15/05/2020 | Libros | Dewey Decimal Classification | Biblioteca Central Lima | Biblioteca Central Lima | 15/05/2020 |